000 00284nam a22001097a 4500
008 170110b xxu||||| |||| 00| 0 eng d
020 _a9780815144212
041 _aeng
080 _24TH
_a618.2
245 _aNURSING THEORISTS AND THEIR WORK
_cTOMEY, A.M & ALLIGOOD, M.R
942 _2udc
_cBK
999 _c2668
_d2668